| 000 | 00673cam a22002057a 4500 | ||
|---|---|---|---|
| 999 |
_c430 _d430 |
||
| 001 | 2563 | ||
| 003 | BD-DhUAP | ||
| 005 | 20200122120720.0 | ||
| 008 | 200122s1981 bg 000 0 eng | ||
| 040 |
_aDLC _cDLC _dBD-DhUAP |
||
| 082 |
_223 _a297.095 WRI |
||
| 245 | 1 | 4 |
_aWritings of Hugarian islamologist Gyula Germanus : _bcontribution of Islam to world civilization and Culture / _cEdited by Gyula Wojtilla. |
| 260 |
_aNew Delhi : _bLight & Life Publishers, _cc1981. |
||
| 300 |
_avi,183 pages ; _c21 cm. |
||
| 504 | _aIncludes bibliographical references. | ||
| 650 | _aIslamic Culture. | ||
| 650 | _aIslamic Civilization. | ||
| 700 | _aWojtilla, Gyula. | ||
| 942 |
_2ddc _cBK |
||